000
00305nam a22001217a 4500
008
180926b xxu||||| |||| 00| 0 eng d
041
_a
eng
080
_2
2nd
_a
610
100
_a
4
101
_a
SHM
245
_a
Medical, Psychosocial, and Vocational Aspects of Disability
_c
Brodwing,M.G
942
_2
udc
_c
BK
999
_c
48473
_d
48473